| 000 | 02292cam a22005894i 4500 | ||
|---|---|---|---|
| 003 | PE-LiUPU | ||
| 005 | 20250731180052.0 | ||
| 008 | 140721s2013 sp ad f b 001 0 spa d | ||
| 020 | _a8415787812 | ||
| 020 | _a9788415787815 | ||
| 035 | _a(Sirsi) i9788415787815 | ||
| 040 |
_aPE-LiUPU _bspa _cPE-LiUPU _erda |
||
| 049 | _aPRUA | ||
| 082 | 0 | 4 |
_a577.3 _bV66 |
| 100 | 1 |
_aVillar, Raúl, _eautor. |
|
| 245 | 1 | 0 |
_aFundamentos físicos de los procesos biológicos. _nVolumen. 2, _pCalor y dinámica de fluidos en los seres vivos / _cRaúl Villar Lázaro, Cayetano López Martínez, Fernando Cussó Pérez. |
| 246 | 1 | 0 | _aFundamentos físicos de los procesos biológicos |
| 246 | 3 | 0 | _aCalor y dinámica de fluídos en los seres vivos |
| 264 | 1 |
_aAlicante : _bClub Universitario, _c2013. |
|
| 300 |
_axvi, 457 páginas : _bilustraciones ; _c24 centímetros |
||
| 336 |
_atext _2rdacontent |
||
| 337 |
_aunmediated _2rdamedia |
||
| 338 |
_avolume _2rdacarrier |
||
| 504 | _aIncluye bibliografía. | ||
| 505 | 0 | _aÍndice Vol. 2: Temperatura, calor y trabajo -- El primer principio: balance energético de los seres vivos -- Procesos espontáneos: segundo principio de la termodinámica -- Transiciones de fase: la transpiración en los seres vivos -- Teoría cinética. | |
| 526 | _aSEG44 | ||
| 526 | _aSEG26 | ||
| 526 | _aP159 | ||
| 526 | _aP155 | ||
| 526 | _aP154 | ||
| 526 | _aP153 | ||
| 526 | _aP150 | ||
| 526 | _aP100 | ||
| 526 | _aP31 | ||
| 526 | _aP30 | ||
| 526 | _aP26 | ||
| 526 | _aP25 | ||
| 526 | _aP24 | ||
| 526 | _aP22 | ||
| 526 | _aP15 | ||
| 526 | _aP10 | ||
| 650 | 0 | 4 | _aBiofísica. |
| 700 | 1 |
_aCussó Pérez, Fernando, _eautor. |
|
| 700 | 1 |
_aLópez Martínez, Cayetano, _eautor. |
|
| 910 |
_clch _d20140721 |
||
| 942 |
_2ddc _cBOOK |
||
| 949 |
_a577.3 V66 _wDEWEY _c1 _i70181 _d2015-8-25 _e2015-8-24 _lCCODEBUL1 _mBUL _n1 _p64.00 _r0 _sY _tBOOK _u2015-7-21 _xINGENIERIA _PP24 _0COMPRA _o.STAFF. Colección General |
||
| 994 |
_aC0 _bPEPRU |
||
| 596 | _a1 | ||
| 999 |
_a577.3 V66 _wDEWEY _c6524 _i70181 _d6524 _e2019-8-23 _f2021-11-5 _g6 _lCCODEBUL1 _mBUL _n9 _p64.00 _r0 _sN _tBOOK _u2015-7-21 _xBIBLIOTECA _PP24 _0COMPRA _o.STAFF. Colección General |
||
| 980 |
_81 _gALBERTO SANCHEZ Responsable de Automatización |
||